000 00418cam a2200181ua 4500
020 _c2.50
041 _ahin
_h
082 _a891.54
_bROO/KE
100 _aRood, Ronald N .
245 _aKeede patange /
_cRonald N Rood.
_hTextual Documents
250 _a1 /
_b.
260 _aDelhi :
_bShiksha bharati ,
_c1964.
300 _a48 ; .
365 _a2.50
504 _a
942 _cBK
999 _c8361
_d8361